| 000 | 00434nam a22001577a 4500 | ||
|---|---|---|---|
| 005 | 20251126181847.0 | ||
| 008 | 251120b |||||||| |||| 00| 0 eng d | ||
| 020 | _a978-81-929042-7-6 | ||
| 041 | _aeng | ||
| 082 | _a615.1 | ||
| 245 | _aA TREATISE ON PHARMACEUTICAL REGULATORY AFFAIRS & QUALITY MANAGEMENT [ VOL-II] | ||
| 260 |
_aHYDERABAD _bTAURUS PUBLISHERS _c2015 |
||
| 300 | _a498;P | ||
| 650 |
_aPHARMACY _xB.PHARMA |
||
| 942 | _cBK | ||
| 999 |
_c8928 _d8926 |
||